00669nam a2200205Ia 450000500170000000800410001704000190005804100120007708200240008910000260011324500430013926000430018230000090022565000660023465100230030085000100032394200070033399900170034095201060035720230510111717.0131103s9999 xx 000 0 und d aLoreto College aEnglish aTAG 891.44bTAG-HAQ aHaque, Mohamad Ajijul aRabidra-smaranaycMohamad Ajijul Haque aCalcuttabUniversity of Calcuttac1941 a34p  aTagore, Rabindranath, 1861-1941- Criticism and Interpretation aBengali Literature aLCLIB cBK c16967d67446 00102ddc4070aMAINbMAINd2013-11-04l0oTAG 891.44 TAG-HAQ pB17145r2013-11-04w2013-11-04yBKf